Wird geladen...

गढ़ कुण्डार :एक अध्ययन

Bibliographische Detailangaben
1. Verfasser: राजेन्द्र सिंह चौहान
Weitere Verfasser: Rajendra Singh Chauhan
Format: Printed Book
Veröffentlicht: Kanpur: Samatha, 2010
Ausgabe:1
Schlagworte:
LEADER 00604nam a22001697a 4500
020 |a 9789380511016 
082 |a H891.433 09  |b RAJ/G 
100 |a राजेन्द्र सिंह चौहान  
245 |a गढ़ कुण्डार :एक अध्ययन  
250 |a 1 
260 |a Kanpur:  |b Samatha,  |c 2010 
300 |a 71p. 
650 |a Garh kundar: ek adhyayan 
700 |a Rajendra Singh Chauhan 
942 |c BK 
999 |c 39551  |d 39551 
952 |0 0  |1 0  |4 0  |6 H_891_433000000000000_09_RAJG  |7 0  |8 Stack  |9 42110  |a KUCL  |b KUCL  |c H  |d 2016-05-24  |l 0  |o H891.433 09 RAJ/G  |p 33400  |r 2016-05-24  |w 2016-05-24  |y BK